Bratislava mapa mesta

Podrobná bibliografia
Médium: Mapa
Jazyk:slovenčina
Fyzický popis:1 mapa v obale fareb. 70 x 98 cm
Vydavateľské údaje: Bratislava STIEFEL Kartografia 1996
ISBN:8096757709
Predmet:

MARC

LEADER 00000nem a2200000 a 4500
001 vtls001274350
003 SK-MaSNL
005 20260425234546.0
007 aj cazzn
008 151004s1996 xo a 0 slo
015 |a SNBC1999/01-00235 
020 |a 8096757709 
035 |a SNK000225533 
035 |a urn:nbn:sk:snk-em004yl7 
035 |a 5006B3BE-D7E7-4077-92BB-1F40D59FDB36 
035 |a urn:nbn:sk:snk-emtd5f 
040 |a SNK  |b slo  |c SNK  |e AACR2 
041 0 |a slo 
043 |a e-xo--- 
044 |a xo  |c SK 
080 |a 908.437.6-25(084.3)  |2 1981 
245 0 0 |a Bratislava  |h kartografický dokument  |b mapa mesta 
255 |a Mierka 1:20 000 
260 |a Bratislava  |b STIEFEL  |b Kartografia  |c 1996 
300 |a 1 mapa v obale  |b fareb.  |c 70 x 98 cm 
500 |a Mapa obojs. Obs. graf. mierky, zozn. 4 pl. okolia v rôznych mierkach 
651 7 |a Bratislava (Slovensko)  |2 SNK  |9 14568 
655 7 |a orientačné plány  |2 SNK  |9 74276 
919 |a 80-967577-0-9 
923 |a orientačná  |b skladaná  |c pre verejnosť 
954 |a mapy pôvodné (slovenské)  |2 lita 
958 |a TL 
999 |c 799591  |d 801521 
952 |t P60, <09>, [BOOK], {629}  |a SNK  |b SNK  |y NEVYP  |7 0  |o snkC 233  |i snk479/970210  |0 0  |1 0  |4 0  |d 1997-02-07  |l 0  |r 2005-01-02 00:00:00  |w 2026-02-24 
952 |t P60, <03>, [BOOK], {603}  |a SNK  |b SNK  |y PREZ  |7 0  |p 17A0181071  |o snkSLCm 2022  |i snkKSP 2016/99  |0 0  |1 0  |4 0  |d 1999-02-25  |l 0  |r 2005-01-02 00:00:00  |w 2026-02-24 
952 |t P60, <04>, [BOOK], {604}  |a SNK  |b SNK  |y VYP  |7 0  |p 17A0181070  |o snkSLCm 2022 D1  |i snkKSP 2078/99  |0 0  |1 0  |4 0  |d 1999-02-25  |f 1  |l 0  |r 2005-01-02 00:00:00  |w 2026-02-24